LEADER 00781nam a2200205 i 4500 001 000000199225 003 CaOOAMICUS 005 20110318000000.0 008 110318s1835 it u000 u ita u 013 $a177916 040 $aSeMil$bita 100 1 $aFiorentino, Pier Angelo.$0(OLS)http://semarc/name/72132 245 13$aLa Fornarina :$bdramma storico /$cdi Pier Angelo Fiorentino. 260 $aNapoli :$bStamperia dell'Ariosto,$c1835. 300 $a59 p. ;$c20 cm. 773 0 $t[Miscellanea.$w()24571 850 $aSeMil 852 $aSeMil$W1$xVenegono$y1$m5B I 27/2 FA$j149778$B149778$CSeMilBibl$Z2$F161145 $8I 996 $6245$aLa Fornarina :$bdramma storico$9(OLS)http://semarc/title/288070 996 $6260$aNapoli :$bStamperia dell'Ariosto$9(OLS)http://semarc/publisher/51331 LEADER 00720nam a2200169 i 4500 001 000000091493 003 CaOOAMICUS 005 20160330000000.0 008 160330s1897 xx u000 u lat u 013 $a63735 040 $aSeMil$bita 245 10$aPars aestiva et autumnalis. 300 $a184 p. 773 0 $tProprium senense, sive Collectio officiorum omnium quae in archidioecesi et provincia senensi ex apostolicis concessionibus ultra breviarium romanum peragentur.$dSenis : Ex officina archiep. edit. S. Bernardini, 1897.$g1$w()23276 850 $aSeMil 852 $aSeMil$W1$xVenegono$y1$m3K III 81 FA$j54442$B54442$CSeMilBibl$Z2$F59094 $8I 996 $6245$aPars aestiva et autumnalis$9(OLS)http://semarc/title/137626